Music Quiz

Random Music or Artist Quiz

Were They on the Cover of Rolling Stone? Quiz Stats

 Plays Quiz Updated Jul 30, 2015

Challenge
Share
Tweet
Embed
Score 0/30 Timer 04:00
1 Play Today
Music Artist Cover of Rolling Stone? % Correct
Nirvana???
88.8%
The White Stripes???
81.4%
The Bee Gees???
77.7%
Rihanna???
75.4%
Spice Girls???
72.1%
Hall & Oates???
69.9%
Spandau Ballet???
64.5%
The Turtles???
62.4%
Steely Dan???
60.3%
The Village People???
59.8%
The Band???
59.3%
The Replacements???
59%
The Bangles???
58.6%
Fall Out Boy???
58%
Salt-N-Pepa???
57.6%
Music Artist Cover of Rolling Stone? % Correct
Phish???
54%
The Knack???
53.7%
Adam Ant???
50.8%
Blur???
48%
Kesha???
46.7%
The Everly Brothers???
46.2%
Soul Asylum???
44.8%
One Direction???
44.7%
Styx???
44.1%
Carrie Underwood???
42.9%
Twisted Sister???
42.3%
Velvet Underground???
33.3%
N.W.A???
32%
Journey???
30.7%
Black Sabbath???
23.8%

You're not logged in!

Compare scores with friends on all Sporcle quizzes.
OR
Log In

You Might Also Like...

Show Comments

Extras

Top Quizzes Today


Score Distribution

Your Account Isn't Verified!

In order to create a playlist on Sporcle, you need to verify the email address you used during registration. Go to your Sporcle Settings to finish the process.

Report this User

Report this user for behavior that violates our Community Guidelines.

Details: